| 000 | 00439nam a22001697a 4500 | ||
|---|---|---|---|
| 005 | 20160627115856.0 | ||
| 008 | 160627b xxu||||| |||| 00| 0 eng d | ||
| 020 | _a81-297-0316-5 | ||
| 041 | _aeng | ||
| 082 | _b10297 | ||
| 100 |
_aCox III, Raymond W and others _92929 |
||
| 245 | _aPublic Administration in theory and Practice | ||
| 260 |
_aDelhi _bPearson Education _c2004 |
||
| 300 | _a261 | ||
| 650 |
_aManagement _9241 |
||
| 942 | _cBK | ||
| 999 |
_c4238 _d4237 |
||